000 00309nam a22001217a 4500
008 230703b xxu||||| |||| 00| 0 eng d
082 _a342.16
_bIPU 2004
245 _aConstitutional & Parliamentary Information
260 _bInterparliamentary Union
_c2004
300 _a92p
440 _n188
942 _2ddc
_cBK
999 _c3203
_d3203